ENVY / A Theory of Social Behaviour (Record no. 237)
[ view plain ]
| 000 -LEADER | |
|---|---|
| fixed length control field | 01204cam a22001934a 4500 |
| 005 - ΗΜΕΡΟΜΗΝΙΑ ΚΑΙ ΩΡΑ ΤΕΛΕΥΤΑΙΑΣ ΕΝΗΜΕΡΩΣΗΣ | |
| Πεδίο ελέγχου | 20250605163929.0 |
| 008 - FIXED-LENGTH DATA ELEMENTS--GENERAL INFORMATION | |
| Πεδίο ελέγχου σταθερού μήκους | 250528s ||||||||||||||||||||||||d |
| 035 ## - SYSTEM CONTROL NUMBER | |
| System control number | 14613 |
| 020 ## - ISBN | |
| ISBN | 865970645 |
| 040 ## - ΠΗΓΗ ΚΑΤΑΛΟΓΟΓΡΑΦΗΣΗΣ | |
| Φορέας πρωτότυπης καταλογογράφησης | MC Athens Campus Library |
| Γλώσσα καταλογογράφησης | Ελληνικά, Μοντέρνα (1453-) |
| Modifying agency | MC Athens Campus Library |
| Κανόνες περιγραφικής καταλογογράφησης | AACR2 |
| 245 1# - ΤΙΤΛΟΣ ΚΑΙ ΔΗΛΩΣΗ ΥΠΕΥΘΥΝΟΤΗΤΑΣ | |
| Τίτλος | ENVY / A Theory of Social Behaviour |
| 260 ## - PUBLICATION, DISTRIBUTION, ETC. | |
| Name of publisher, distributor, etc. | Liberty Fund, |
| Date of publication, distribution, etc. | 1981 |
| 300 ## - PHYSICAL DESCRIPTION | |
| Extent | 454 |
| 520 ## - SUMMARY, ETC. | |
| Summary, etc. | Man and the Envier, Envy in Language, The Envious Man and His Culture, Envy and Black Magic, The Envy-Barrier of the Developing Countries, The Psychology of Envy, Envy as Seen by the Social Sciences, Crimes of Envy, The Envy of the Gods and the Concept of Fate, The Envious Man in Fiction, Envy as the Subject of Philosophy, Politics and the Appeasement of Envy, In Praise of Poverty: From Sumptuary Laws to Contempt for the Affluent Society, The Sense of Justice and the Idea of Equality, The Guilt of Being Unequal, The Eminent in the Society of Equals, The Society Redeemed from Envy - A Utopia, Social Indignation, Envy as Tax Collector, Social Revolutions, A Theory of Envy in Human Existence, A Selected Bibliography, Name and Subject Index. |
| 700 1# - ΠΡΟΣΘΕΤΗ ΑΝΑΓΡΑΦΗ--ΦΥΣΙΚΟ ΠΡΟΣΩΠΟ | |
| Personal name | Schoeck Helmut |
| 9 (RLIN) | 340 |
| 942 ## - ADDED ENTRY ELEMENTS (KOHA) | |
| Koha item type | Books |
| Τύπος τεκμηρίου | Βιβλιοθήκη | Τρέχουσα τοποθεσία | Barcode | Αριθμός εισαγωγής | Ημερομηνία απόκτησης | Ταξιθετικό σύμβολο | Αριθμός αντιτύπου | Κατάσταση απόσυρσης | Κατάσταση χαμένου | Κατάσταση κατεστραμμένου | Μη δανεισμός | Σύνολο δανεισμών | Ημερομηνία τελευταίας εμφάνισης | Η τιμή ισχύει από |
|---|---|---|---|---|---|---|---|---|---|---|---|---|---|---|
| Books | MC Athens Campus Library | MC Athens Campus Library | 9780000002365 | 2756 | 05/06/2025 | 152.4/34 SCH | 1 | 05/06/2025 | 05/06/2025 |